Instrucciones generales en forma de catecismo (Record no. 8182)
[ view plain ]
| 000 -CABECERA | |
|---|---|
| campo de control de longitud fija | 01329nam a2200253 a 4500 |
| 001 - NÚMERO DE CONTROL | |
| campo de control | BRCA_8516 |
| 003 - IDENTIFICADOR DEL NÚMERO DE CONTROL | |
| campo de control | FranzMayer |
| 005 - FECHA Y HORA DE LA ÚLTIMA TRANSACCIÓN | |
| campo de control | 20230724112938.0 |
| 008 - DATOS DE LONGITUD FIJA--INFORMACIÓN GENERAL | |
| campo de control de longitud fija | 190816s1784----sp-#######---#000-0#spa-# |
| 040 ## - FUENTE DE LA CATALOGACIÓN | |
| Centro catalogador/agencia de origen | MFM |
| Lengua de catalogación | esp |
| Centro/agencia transcriptor | MFM |
| 041 ## - CÓDIGO DE LENGUA | |
| Código de lengua del texto/banda sonora o título independiente | spa |
| 044 ## - CÓDIGO DEL PAÍS DE LA ENTIDAD EDITORA/PRODUCTORA | |
| Código MARC del país | sp |
| 084 ## - OTRO NÚMERO DE CLASIFICACIÓN | |
| Número de clasificación | BE21 |
| Número de documento/Ítem | .P68 1784 |
| 100 1# - ENTRADA PRINCIPAL--NOMBRE DE PERSONA | |
| Nombre de persona | Pouget, Francisco Amado |
| 9 (RLIN) | 21361 |
| 245 10 - MENCIÓN DE TÍTULO | |
| Título | Instrucciones generales en forma de catecismo |
| Resto del título | en las quales, por la sagrada escritura y la tradición, se explican en compendio la historia y los dogmas de la religión, la moral christiana, los sacramentos, la oración, las ceremonias y usos de la iglesia. Con dos catecismos abreviados para uso de los niños |
| Mención de responsabilidad, etc. | escritas en francés por el P. Francisco Amado Pouget. |
| 260 ## - PUBLICACIÓN, DISTRIBUCIÓN, ETC. | |
| Lugar de publicación, distribución, etc. | Madrid |
| Nombre del editor, distribuidor, etc. | La Imprenta Real |
| Fecha de publicación, distribución, etc. | 1784 |
| 300 ## - DESCRIPCIÓN FÍSICA | |
| Extensión | [4], xxxii, [40], 301 p. (t.1) |
| Dimensiones | 20.5 x 14 cm. |
| 500 ## - NOTA GENERAL | |
| Nota general | En portada : Traducidas ahora nuevamente en castellano sobre la edición original del año de 1702, con acuerdo del Excmo. Sr. D. Francisco Antonio Lorenzana, Arzobispo de Toledo, Primado de las Españas : P. F. M. por Abreu, D. Francisco Antonio de Escartin y Carrera |
| 500 ## - NOTA GENERAL | |
| Nota general | Estado físico : encuadernación manchada y deteriorada |
| 650 14 - PUNTO DE ACCESO ADICIONAL DE MATERIA--TÉRMINO DE MATERIA | |
| Término de materia o nombre geográfico como elemento de entrada | Catecismos, españoles |
| 9 (RLIN) | 21362 |
| 650 14 - PUNTO DE ACCESO ADICIONAL DE MATERIA--TÉRMINO DE MATERIA | |
| Término de materia o nombre geográfico como elemento de entrada | Iglesia católica |
| Subdivisión general | Catecismos y credos |
| 9 (RLIN) | 21363 |
| 902 ## - CATALOGADOR | |
| Iniciales | CFM |
| 942 ## - ELEMENTOS DE PUNTO DE ACCESO ADICIONAL (KOHA) | |
| Fuente del sistema de clasificación o colocación | Library of Congress Classification |
| Tipo de ítem Koha | Libros |
| Estado de retiro | Estado de pérdida | Fuente del sistema de clasificación o colocación | Estado dañado | No para préstamo | Código de colección | Localización permanente | Ubicación/localización actual | Fecha de adquisición | Fuente de adquisición | Total de préstamos | Signatura topográfica completa | Código de barras | Fecha visto por última vez | Precio válido a partir de | Tipo de ítem Koha |
|---|---|---|---|---|---|---|---|---|---|---|---|---|---|---|---|
| El ejemplar forma parte de la colección y puede ser consultado según las políticas vigentes. | Library of Congress Classification | Conventual Franz Mayer | Biblioteca del Museo Franz Mayer (Rogerio Casas-Alatriste) | Biblioteca del Museo Franz Mayer (Rogerio Casas-Alatriste) | 14/07/2016 | Donación | BE21 .P68 1784 | CFM00021 | 22/03/2019 | 22/03/2019 | Libros |